00281cam a22001097a 4500008004000000082001600040100001900056245004600075260002800121300001400149650000800163180718b1956 xxu||||| |||| 00| 0 eng d aT16x73 P126 aPackel, Israel aThe law of cooperativescby Israel Packel aNew YorkbMatthewc1956 axii,436p. aLaw